<?xml version="1.0" encoding="UTF-8"?>
<record
    xmlns:xsi="http://www.w3.org/2001/XMLSchema-instance"
    xsi:schemaLocation="http://www.loc.gov/MARC21/slim http://www.loc.gov/standards/marcxml/schema/MARC21slim.xsd"
    xmlns="http://www.loc.gov/MARC21/slim">

  <leader>00865nam a22002537a 4500</leader>
  <controlfield tag="003">OSt</controlfield>
  <controlfield tag="005">20161026174221.0</controlfield>
  <controlfield tag="008">161026s2016    sp a   f      000 0 spa|d</controlfield>
  <datafield tag="020" ind1=" " ind2=" ">
    <subfield code="a">9788488789624</subfield>
  </datafield>
  <datafield tag="040" ind1=" " ind2=" ">
    <subfield code="b">cat</subfield>
    <subfield code="c">CDMR</subfield>
  </datafield>
  <datafield tag="100" ind1="1" ind2=" ">
    <subfield code="a">Castillo, Jos&#xE9; Mar&#xED;a</subfield>
    <subfield code="q">(Castillo Pomeda)</subfield>
    <subfield code="9">3604</subfield>
  </datafield>
  <datafield tag="245" ind1="1" ind2="0">
    <subfield code="a">Televisi&#xF3;n, realizaci&#xF3;n y lenguaje audiovisual </subfield>
    <subfield code="c">Jos&#xE9; Mar&#xED;a Castillo</subfield>
  </datafield>
  <datafield tag="250" ind1=" " ind2=" ">
    <subfield code="a">3a ed.</subfield>
  </datafield>
  <datafield tag="260" ind1=" " ind2=" ">
    <subfield code="a">Madrid :</subfield>
    <subfield code="b">Instituto RTVE,</subfield>
    <subfield code="c">DL 2016</subfield>
  </datafield>
  <datafield tag="300" ind1=" " ind2=" ">
    <subfield code="a">734 p. :</subfield>
    <subfield code="b">il. ;</subfield>
    <subfield code="c">24 cm </subfield>
  </datafield>
  <datafield tag="500" ind1=" " ind2=" ">
    <subfield code="a">A la coberta: 3a ed. corregida y aumentada</subfield>
  </datafield>
  <datafield tag="504" ind1=" " ind2=" ">
    <subfield code="a">Bibliografia. Filmografia</subfield>
  </datafield>
  <datafield tag="650" ind1=" " ind2="4">
    <subfield code="a">Televisi&#xF3;</subfield>
    <subfield code="x">T&#xE8;cnica</subfield>
    <subfield code="9">3785</subfield>
  </datafield>
  <datafield tag="650" ind1="0" ind2="4">
    <subfield code="a">Televisi&#xF3;</subfield>
    <subfield code="x">Producci&#xF3; i direcci&#xF3;</subfield>
    <subfield code="9">433</subfield>
  </datafield>
  <datafield tag="650" ind1=" " ind2="4">
    <subfield code="a">Audiovisuals</subfield>
    <subfield code="x">T&#xE8;cnica</subfield>
    <subfield code="9">3786</subfield>
  </datafield>
  <datafield tag="650" ind1=" " ind2="4">
    <subfield code="a">Audiovisuals</subfield>
    <subfield code="x">Producci&#xF3; i direcci&#xF3;</subfield>
  </datafield>
  <datafield tag="710" ind1="2" ind2=" ">
    <subfield code="a">Instituto Oficial de Radio y Televisi&#xF3;n (Espanya)</subfield>
    <subfield code="9">2097</subfield>
  </datafield>
  <datafield tag="942" ind1=" " ind2=" ">
    <subfield code="c">MON</subfield>
  </datafield>
  <datafield tag="999" ind1=" " ind2=" ">
    <subfield code="c">6971</subfield>
    <subfield code="d">6971</subfield>
  </datafield>
  <datafield tag="952" ind1=" " ind2=" ">
    <subfield code="0">0</subfield>
    <subfield code="1">0</subfield>
    <subfield code="4">0</subfield>
    <subfield code="7">0</subfield>
    <subfield code="a">CDMR</subfield>
    <subfield code="b">CDMR</subfield>
    <subfield code="d">2016-10-26</subfield>
    <subfield code="e">Intercanvi</subfield>
    <subfield code="g">40.00</subfield>
    <subfield code="l">4</subfield>
    <subfield code="m">4</subfield>
    <subfield code="o">Fu /33</subfield>
    <subfield code="p">CDMR16100007</subfield>
    <subfield code="r">2019-11-18</subfield>
    <subfield code="s">2019-10-10</subfield>
    <subfield code="v">40.00</subfield>
    <subfield code="w">2016-10-26</subfield>
    <subfield code="y">MON</subfield>
  </datafield>
</record>
